000 00270nam a2200097Ia 4500
008 180412s9999||||xx |||||||||||||| ||und||
040 _aAhmadu Bello University Library - Zaria
100 _aGodard, Andre
245 0 _aL'art de l'Iran
_cAndre Godard
260 _aParis
_bArthaud
_c1962
300 _a168p.
999 _c24426
_d24426